[Event "Bhubaneswar op 16th"]
[Site "Bhubaneswar"]
[Date "2025.05.13"]
[Round "6"]
[White "Gorli, Nyna"]
[Black "Aditya, Varun Gampa"]
[Result "0-1"]
[WhiteElo "1822"]
[BlackElo "2192"]
[PlyCount "82"]
[EventDate "2025.05.09"]
[EventType "swiss"]
[EventRounds "10"]
[EventCountry "IND"]
[SourceTitle "CB21_2025"]
[SourceDate "2025.05.21"]
[SourceVersion "1"]
[SourceVersionDate "2025.05.21"]
[SourceQuality "1"]

1. e4 g6 2. d4 Bg7 3. Nf3 d6 4. Nc3 Nf6 5. Be2 0-0 6. 0-0 a6 7. h3 b5 8. a3 Bb7 9. d5 c6 10. Be3 Nbd7 11. Bd4 cxd5 12. exd5 Nb6 13. Bxb6 Qxb6 14. Qd3 Rac8 15. Nd2 Nd7 16. Nde4 Nc5 17. Qe3 Qc7 18. Nxc5 dxc5 19. Bf3 Bd4 20. Qg5 Rcd8 21. Rad1 Rfe8 22. Rfe1 Kg7 23. Qc1 e6 24. Rd3 exd5 25. Rxe8 Rxe8 26. Nxd5 Qe5 27. Nc3 Qe1+ 28. Qxe1 Rxe1+ 29. Kh2 Bxf3 30. Rxf3 Rc1 31. a4 b4 32. Ne4 Rxc2 33. b3 f5 34. Ng5 Be5+ 35. g3 Rc3 36. Kg2 c4 37. Ne6+ Kf7 38. Nc5 Bd4 39. Ne4 Rxf3 40. Ng5+ Ke7 41. Nxf3 Bc3 0-1

[Event "Bhubaneswar op 16th"]
[Site "Bhubaneswar"]
[Date "2025.05.12"]
[Round "5"]
[White "Aditya, Varun Gampa"]
[Black "Medhvansh, Madeti"]
[Result "1-0"]
[WhiteElo "2192"]
[BlackElo "1944"]
[PlyCount "95"]
[EventDate "2025.05.09"]
[EventType "swiss"]
[EventRounds "10"]
[EventCountry "IND"]
[SourceTitle "CB21_2025"]
[SourceDate "2025.05.21"]
[SourceVersion "1"]
[SourceVersionDate "2025.05.21"]
[SourceQuality "1"]

1. e4 e5 2. Nf3 Nc6 3. Bb5 a6 4. Ba4 Nf6 5. 0-0 b5 6. Bb3 Bc5 7. a4 Rb8 8. Nxe5 Nxe5 9. d4 Bxd4 10. Qxd4 Nc6 11. Qc5 Qe7 12. Qxe7+ Nxe7 13. e5 Ne4 14. Be3 d6 15. axb5 axb5 16. exd6 cxd6 17. Rd1 0-0 18. f3 Nc5 19. Rxd6 Nxb3 20. cxb3 Nf5 21. Bc5 Re8 22. Rd1 b4 23. Ra4 Be6 24. Rxb4 Rxb4 25. Bxb4 Bxb3 26. Rd2 h6 27. Kf2 Ne3 28. Na3 Nd1+ 29. Kf1 Rb8 30. Bc5 Ba4 31. Bd4 Rd8 32. Ke2 Re8+ 33. Kd3 Re1 34. b4 Bd7 35. Re2 Rh1 36. Kd2 Ba4 37. h3 f5 38. b5 f4 39. b6 Bc6 40. Re6 Bd5 41. Rd6 Bb7 42. Rd8+ Kh7 43. Rd7 Ne3 44. Rxg7+ Kh8 45. Rxb7+ Kg8 46. Bxe3 fxe3+ 47. Kxe3 Ra1 48. Ra7 1-0

[Event "Bhubaneswar op 16th"]
[Site "Bhubaneswar"]
[Date "2025.05.09"]
[Round "1"]
[White "Aditya, Varun Gampa"]
[Black "Lakshmi Charan, Naidu G"]
[Result "0-1"]
[WhiteElo "2192"]
[BlackElo "1963"]
[PlyCount "58"]
[EventDate "2025.05.09"]
[EventType "swiss"]
[EventRounds "10"]
[EventCountry "IND"]
[SourceTitle "CB21_2025"]
[SourceDate "2025.05.21"]
[SourceVersion "1"]
[SourceVersionDate "2025.05.21"]
[SourceQuality "1"]

1. e4 c5 2. Nf3 g6 3. Bc4 Nf6 4. e5 d5 5. exf6 dxc4 6. Qe2 Be6 7. fxe7 Bxe7 8. Na3 Qd5 9. b3 Bf6 10. bxc4 Qh5 11. Rb1 0-0 12. 0-0 Nc6 13. Rxb7 Rae8 14. Qe4 Nd4 15. Nxd4 Bc8 16. Qc6 Bxd4 17. Rb3 Bg4 18. Bb2 Be2 19. Rb1 Bxb2 20. R3xb2 Bd1 21. h3 Re1+ 22. Kh2 Qe5+ 23. g3 Qe2 24. Rb8 Qxf2+ 25. Qg2 Rh1+ 26. Kxh1 Bf3 27. Qxf3 Qxf3+ 28. Kh2 Qxa3 29. R8b3 Qxa2 0-1

[Event "Titled Tuesday intern op 28th Jan Early"]
[Site "Chess.com INT"]
[Date "2025.01.28"]
[Round "4"]
[White "Aditya, Varun Gampa"]
[Black "Martin Fuentes, Alberto"]
[Result "0-1"]
[WhiteElo "2180"]
[BlackElo "2375"]
[PlyCount "94"]
[EventDate "2025.01.28"]
[EventType "swiss (blitz)"]
[EventRounds "11"]
[EventCountry "USA"]
[SourceTitle "CB06_2025"]
[SourceDate "2025.02.05"]
[SourceVersion "1"]
[SourceVersionDate "2025.02.05"]
[SourceQuality "1"]

1. b3 Nf6 2. Bb2 g6 3. Nf3 Bg7 4. g3 c5 5. Bg2 Nc6 6. c4 d6 7. 0-0 0-0 8. d4 cxd4 9. Nxd4 Bd7 10. Nc3 Re8 11. e3 Qa5 12. Rc1 Qh5 13. Qxh5 Nxh5 14. Rfd1 Nf6 15. Nd5 Nxd5 16. cxd5 Nxd4 17. Bxd4 Rec8 18. Bxg7 Kxg7 19. Kf1 b6 20. Ke2 Rc5 21. Kd2 Rac8 22. Rxc5 bxc5 23. e4 Rb8 24. Kc3 f5 25. f4 Kf6 26. Re1 fxe4 27. Bxe4 a5 28. h3 h5 29. Bg2 a4 30. Re4 axb3 31. axb3 Ra8 32. b4 Ra3+ 33. Kb2 Rxg3 34. Bf1 cxb4 35. Rxb4 Bxh3 36. Bb5 Bg2 37. Bc6 h4 38. Rb8 h3 39. Rh8 Kg7 40. Rh4 g5 41. fxg5 Rxg5 42. Bd7 Rxd5 43. Kc3 Rg5 44. Kd4 Rg6 45. Bf5 Rh6 46. Rg4+ Kf7 47. Rf4 e5+ 0-1

[Event "Titled Tuesday intern op 28th Jan Early"]
[Site "Chess.com INT"]
[Date "2025.01.28"]
[Round "9"]
[White "Cuevas Araya, Walter"]
[Black "Aditya, Varun Gampa"]
[Result "0-1"]
[WhiteElo "2040"]
[BlackElo "2180"]
[PlyCount "50"]
[EventDate "2025.01.28"]
[EventType "swiss (blitz)"]
[EventRounds "11"]
[EventCountry "USA"]
[SourceTitle "CB06_2025"]
[SourceDate "2025.02.05"]
[SourceVersion "1"]
[SourceVersionDate "2025.02.05"]
[SourceQuality "1"]

1. e4 c5 2. Nf3 Nf6 3. Nc3 d5 4. exd5 Nxd5 5. d4 Nxc3 6. bxc3 e6 7. Bb5+ Nc6 8. 0-0 Bd7 9. Ba3 a6 10. Bxc6 Bxc6 11. dxc5 Qc7 12. Qd4 Rd8 13. Qe3 Be7 14. Nd4 Bd5 15. Rfe1 0-0 16. Nf5 Bf6 17. Nd6 b6 18. cxb6 Qxc3 19. Rad1 Qxc2 20. b7 Bxb7 21. Nxb7 Rxd1 22. Bxf8 Bd4 23. Bb4 Bxe3 24. fxe3 Rxe1+ 25. Bxe1 Qb1 0-1

[Event "Titled Tuesday intern op 28th Jan Early"]
[Site "Chess.com INT"]
[Date "2025.01.28"]
[Round "2"]
[White "Matveeva, Olga"]
[Black "Aditya, Varun Gampa"]
[Result "0-1"]
[WhiteElo "2181"]
[BlackElo "2180"]
[PlyCount "84"]
[EventDate "2025.01.28"]
[EventType "swiss (blitz)"]
[EventRounds "11"]
[EventCountry "USA"]
[SourceTitle "CB06_2025"]
[SourceDate "2025.02.05"]
[SourceVersion "1"]
[SourceVersionDate "2025.02.05"]
[SourceQuality "1"]

1. d4 g6 2. c4 Bg7 3. g3 d6 4. Bg2 Nc6 5. Nc3 Nxd4 6. Nf3 Nc6 7. 0-0 e5 8. Nd5 Nge7 9. Bg5 0-0 10. Nf6+ Kh8 11. Qd2 h6 12. Bh4 Nf5 13. Nh7 Nxh4 14. Nxf8 Nxf3+ 15. Bxf3 Qxf8 16. Rad1 Nd4 17. Bg2 Bg4 18. Rfe1 Rb8 19. h3 Be6 20. e3 Nf5 21. b3 h5 22. Kh2 Qe7 23. Qe2 c6 24. Rd2 Rd8 25. Red1 h4 26. g4 Nh6 27. Bf3 f5 28. gxf5 gxf5 29. Rg1 e4 30. Bh5 Be5+ 31. Kh1 Qf6 32. Rg6 Qf8 33. Rxe6 f4 34. Rg6 f3 35. Qf1 Kh7 36. Qg1 Qf5 37. Rg4 Qxh5 38. c5 Nxg4 39. hxg4 Qg6 40. cxd6 Rxd6 41. Rxd6 Bxd6 42. g5 Qf5 0-1

[Event "Chennai op 15th"]
[Site "Chennai"]
[Date "2025.01.05"]
[Round "5"]
[White "Aditya, Varun Gampa"]
[Black "Shahil, Dey"]
[Result "1/2-1/2"]
[WhiteElo "2180"]
[BlackElo "2374"]
[PlyCount "91"]
[EventDate "2025.01.02"]
[EventType "swiss"]
[EventRounds "10"]
[EventCountry "IND"]
[SourceTitle "CB03_2025"]
[SourceDate "2025.01.15"]
[SourceVersion "1"]
[SourceVersionDate "2025.01.15"]
[SourceQuality "1"]

1. e4 c5 2. Nc3 a6 3. Nf3 e6 4. d4 cxd4 5. Nxd4 d6 6. Be3 Nf6 7. a3 Be7 8. Qe2 Qc7 9. 0-0-0 b5 10. g4 h5 11. g5 Ng4 12. g6 fxg6 13. Bh3 e5 14. Nb3 Qc4 15. Rd3 Be6 16. Nd2 Qc8 17. Nd5 Bd8 18. Bb6 Bxd5 19. Bxd8 Qxd8 20. exd5 Qh4 21. Rg3 Nf6 22. Qd3 Rh6 23. Qc3 Nbd7 24. Qc6 Rb8 25. Qxd6 g5 26. Qe6+ Kf8 27. Qd6+ Ke8 28. Re1 Rd8 29. Bxd7+ Nxd7 30. Rxe5+ Nxe5 31. Qxe5+ Kf8 32. Rxg5 Rf6 33. Rxh5 Qxf2 34. b3 Kg8 35. Ne4 Qf4+ 36. Kb2 Qxe5+ 37. Rxe5 Rh6 38. c4 bxc4 39. bxc4 Rxh2+ 40. Kc3 Rh1 41. Re7 Kf8 42. Rb7 Rc1+ 43. Kd3 Rd1+ 44. Kc3 Rc1+ 45. Kd3 Rd1+ 46. Kc3 1/2-1/2

[Event "Chennai op 15th"]
[Site "Chennai"]
[Date "2025.01.03"]
[Round "2"]
[White "Aronyak, Ghosh"]
[Black "Aditya, Varun Gampa"]
[Result "1-0"]
[WhiteElo "2544"]
[BlackElo "2180"]
[PlyCount "57"]
[EventDate "2025.01.02"]
[EventType "swiss"]
[EventRounds "10"]
[EventCountry "IND"]
[SourceTitle "CB03_2025"]
[SourceDate "2025.01.15"]
[SourceVersion "1"]
[SourceVersionDate "2025.01.15"]
[SourceQuality "1"]

1. d4 Nf6 2. Bf4 d5 3. e3 e6 4. Nf3 Bd6 5. Bg3 0-0 6. c4 Bxg3 7. hxg3 dxc4 8. Bxc4 Nbd7 9. Rh4 c5 10. g4 g6 11. g5 Ne8 12. dxc5 Qe7 13. Nc3 Nxc5 14. Qd4 b5 15. Bxb5 Bb7 16. 0-0-0 Bxf3 17. gxf3 Ng7 18. Qe5 Rfd8 19. Nd5 Rxd5 20. Rxd5 Nf5 21. Rxc5 Nxh4 22. f4 a6 23. Bxa6 Qa7 24. Bc4 Qb7 25. Bxe6 Qh1+ 26. Kc2 Nf5 27. Bd5 Qe1 28. Bxa8 Qe2+ 29. Kb3 1-0

[Event "Vijayawad op"]
[Site "Vijayawad"]
[Date "2024.10.22"]
[Round "2"]
[White "Parigyan, Chakraborty"]
[Black "Aditya, Varun Gampa"]
[Result "0-1"]
[WhiteElo "1706"]
[BlackElo "2194"]
[PlyCount "96"]
[EventDate "2024.10.22"]
[EventType "swiss"]
[EventRounds "9"]
[EventCountry "IND"]
[SourceTitle "CB16_2025"]
[SourceDate "2025.04.16"]
[SourceVersion "1"]
[SourceVersionDate "2025.04.16"]
[SourceQuality "1"]

1. e4 c5 2. Nf3 d6 3. d4 cxd4 4. Nxd4 Nf6 5. Nc3 a6 6. Bg5 Nbd7 7. f4 Qb6 8. a3 e5 9. fxe5 dxe5 10. Nf5 g6 11. Ne3 h6 12. Ned5 Qc6 13. Bxf6 Nxf6 14. Qf3 Nxd5 15. exd5 Qb6 16. 0-0-0 f5 17. d6 Be6 18. Nd5 Bxd5 19. Qxd5 0-0-0 20. d7+ Kc7 21. Qxe5+ Bd6 22. Qd4 Qxd4 23. Rxd4 Rxd7 24. Bc4 Rhd8 25. Kb1 Be5 26. Rxd7+ Rxd7 27. Bd3 h5 28. h3 Kd6 29. c3 Bg3 30. Kc2 Ke5 31. a4 Kf4 32. Rf1+ Kg5 33. Be2 Re7 34. Bf3 Kh4 35. Rd1 Be5 36. Rd8 g5 37. Kd3 g4 38. hxg4 hxg4 39. Bd5 Kg3 40. Rg8 f4 41. Be4 Bg7 42. Rd8 f3 43. gxf3 gxf3 44. Rd6 Kf4 45. Bd5 f2 46. Bg2 Re1 47. Rb6 Be5 48. Rxb7 Kg3 0-1

[Event "Titled Tuesday intern op 03rd Sep Early"]
[Site "Chess.com INT"]
[Date "2024.09.03"]
[Round "3"]
[White "Aditya, Varun Gampa"]
[Black "Kozak, Antoni"]
[Result "0-1"]
[WhiteElo "2194"]
[BlackElo "2426"]
[PlyCount "64"]
[EventDate "2024.09.03"]
[EventType "swiss (blitz)"]
[EventRounds "11"]
[EventCountry "USA"]
[SourceTitle "EXT 2025"]
[Source "ChessBase"]
[SourceDate "2024.10.14"]
[SourceVersion "1"]
[SourceVersionDate "2024.10.14"]
[SourceQuality "1"]

1. Nf3 d5 2. g3 c6 3. Bg2 Bf5 4. 0-0 e6 5. d3 h6 6. c4 Nd7 7. Nc3 Ngf6 8. Qb3 Nc5 9. Qd1 Be7 10. Be3 0-0 11. b4 Ncd7 12. a3 Bh7 13. cxd5 exd5 14. Bf4 a5 15. b5 c5 16. Ne5 Nb6 17. Qb3 a4 18. Qa2 Bd6 19. e3 g5 20. Nxf7 Rxf7 21. Bxd6 Qxd6 22. f4 Bxd3 23. fxg5 Bxf1 24. g6 Re7 25. Rxf1 Kg7 26. Ne2 Rae8 27. Nf4 Rxe3 28. Qa1 d4 29. Qd1 Qe5 30. Qd2 Re1 31. Qa5 Qe3+ 32. Kh1 Qf2 0-1

[Event "Titled Tuesday intern op 03rd Sep Early"]
[Site "Chess.com INT"]
[Date "2024.09.03"]
[Round "1"]
[White "Aditya, Varun Gampa"]
[Black "Sarana, Alexey"]
[Result "0-1"]
[WhiteElo "2194"]
[BlackElo "2713"]
[PlyCount "136"]
[EventDate "2024.09.03"]
[EventType "swiss (blitz)"]
[EventRounds "11"]
[EventCountry "USA"]
[SourceTitle "EXT 2025"]
[Source "ChessBase"]
[SourceDate "2024.10.14"]
[SourceVersion "1"]
[SourceVersionDate "2024.10.14"]
[SourceQuality "1"]

1. e4 c5 2. Nc3 d6 3. f4 Nc6 4. Nf3 g6 5. Bb5 Bd7 6. Bc4 Bg7 7. d3 e6 8. 0-0 Nge7 9. f5 exf5 10. exf5 Bxf5 11. Qe1 0-0 12. Qh4 d5 13. Bb3 Nd4 14. Bh6 Nxf3+ 15. Rxf3 c4 16. Bxg7 Kxg7 17. dxc4 dxc4 18. Bxc4 Nc6 19. Qg3 Qd4+ 20. Kh1 Qxc4 21. Rxf5 Rae8 22. Raf1 Re6 23. R5f2 Qb4 24. b3 Qd6 25. Qf3 f5 26. Rd1 Qc5 27. Rfd2 Ne5 28. Qxb7+ Rf7 29. Qd5 Qe7 30. Re2 Qf6 31. Rde1 Rd7 32. Qa5 Nc6 33. Rxe6 Nxa5 34. Rxf6 Kxf6 35. Nb5 Nc6 36. c4 Nb4 37. Nc3 Rd3 38. Nd5+ Nxd5 39. cxd5 Rxd5 40. Kg1 Rd2 41. a4 Rb2 42. Re3 h5 43. Rc3 h4 44. h3 Kg5 45. Kf1 Kf4 46. Kg1 g5 47. Rc4+ Ke3 48. Rc3+ Ke4 49. Rc4+ Kd5 50. Rc3 a5 51. Rd3+ Ke4 52. Rc3 g4 53. hxg4 fxg4 54. Rc4+ Kf5 55. Rc5+ Kf6 56. Rc4 g3 57. Rf4+ Kg5 58. Rf3 Rb1+ 59. Rf1 Rxb3 60. Rc1 Rb4 61. Rc5+ Kg4 62. Rc1 Rxa4 63. Kf1 Rf4+ 64. Kg1 a4 65. Ra1 Rb4 66. Rc1 Kf4 67. Kf1 Ke3 68. Ke1 Kd3 0-1

[Event "Abu Dhabi op-B 30th"]
[Site "Abu Dhabi"]
[Date "2024.08.23"]
[Round "8"]
[White "Mercado, Levi"]
[Black "Aditya, Varun Gampa"]
[Result "0-1"]
[WhiteElo "2068"]
[BlackElo "2261"]
[PlyCount "98"]
[EventDate "2024.08.15"]
[EventType "swiss"]
[EventRounds "9"]
[EventCountry "UAE"]
[SourceTitle "EXT 2025"]
[Source "ChessBase"]
[SourceDate "2024.10.14"]
[SourceVersion "1"]
[SourceVersionDate "2024.10.14"]
[SourceQuality "1"]

1. e4 c5 2. Ne2 Nc6 3. Nbc3 g6 4. g3 Bg7 5. Bg2 d6 6. d3 Rb8 7. a4 a6 8. Be3 Nf6 9. h3 0-0 10. d4 cxd4 11. Nxd4 e5 12. Nb3 Be6 13. Nd5 Bxd5 14. exd5 Na5 15. Nxa5 Qxa5+ 16. c3 e4 17. Bd4 Rfe8 18. 0-0 Re7 19. Re1 Rbe8 20. g4 Qxd5 21. Bxf6 Qxd1 22. Raxd1 Bxf6 23. Rxd6 Be5 24. Rd5 f5 25. Red1 Kg7 26. c4 Kf6 27. b4 h5 28. c5 Bc7 29. Rd7 hxg4 30. hxg4 Bb8 31. Rxe7 Rxe7 32. gxf5 gxf5 33. Rd8 Bc7 34. Rc8 Ke5 35. b5 axb5 36. axb5 b6 37. c6 f4 38. Rh8 Kd4 39. Bh3 e3 40. fxe3+ fxe3 41. Bf1 e2 42. Bxe2 Rxe2 43. Rh7 Bf4 44. Rb7 Ke4 45. Ra7 Rb2 46. Ra4+ Kf3 47. Ra3+ Be3+ 48. Kh1 Rb1+ 49. Kh2 Rxb5 0-1

[Event "Abu Dhabi op-B 30th"]
[Site "Abu Dhabi"]
[Date "2024.08.20"]
[Round "5"]
[White "Aditya, Varun Gampa"]
[Black "Nofal, Mohamed"]
[Result "1-0"]
[WhiteElo "2261"]
[BlackElo "1980"]
[PlyCount "101"]
[EventDate "2024.08.15"]
[EventType "swiss"]
[EventRounds "9"]
[EventCountry "UAE"]
[SourceTitle "EXT 2025"]
[Source "ChessBase"]
[SourceDate "2024.10.14"]
[SourceVersion "1"]
[SourceVersionDate "2024.10.14"]
[SourceQuality "1"]

1. e4 c6 2. d4 d5 3. e5 Bf5 4. h4 a6 5. g4 Bd7 6. h5 c5 7. dxc5 Nc6 8. f4 Qa5+ 9. Bd2 Qxc5 10. Nh3 e6 11. Nf2 Qb6 12. Nd3 Nb4 13. Nc3 Bc6 14. Bg2 Nxd3+ 15. cxd3 Qxb2 16. Rb1 Qa3 17. 0-0 Bc5+ 18. Kh2 Ba7 19. Qf3 Nh6 20. Kh3 0-0-0 21. Rb3 Qe7 22. Ne2 f6 23. d4 Kb8 24. Rfb1 Ka8 25. Ba5 Rd7 26. Bb6 g6 27. exf6 Qxf6 28. g5 Qf5+ 29. Kg3 Ng8 30. Bxa7 Kxa7 31. Bh3 Qf7 32. Qe3 Rd6 33. Qe5 Nf6 34. Qxf6 Qxf6 35. gxf6 Rf8 36. hxg6 hxg6 37. Ng1 Rxf6 38. Nf3 Rd7 39. Ne5 Rg7 40. Rb6 Bb5 41. Rxe6 Rxe6 42. Bxe6 Rc7 43. Bxd5 Rc2 44. a4 Bc6 45. Bxc6 bxc6 46. a5 Ka8 47. Rb6 g5 48. f5 g4 49. f6 Rc3+ 50. Kxg4 Rc1 51. Kf5 1-0

[Event "Pozarevac Rudar IM 08"]
[Site "Pozarevac"]
[Date "2024.08.14"]
[Round "9"]
[White "Rasti, Arvin"]
[Black "Aditya, Varun Gampa"]
[Result "0-1"]
[WhiteElo "2195"]
[BlackElo "2261"]
[PlyCount "128"]
[EventDate "2024.08.07"]
[EventType "tourn"]
[EventRounds "9"]
[EventCountry "SRB"]
[EventCategory "1"]
[SourceTitle "EXT 2025"]
[Source "ChessBase"]
[SourceDate "2024.10.14"]
[SourceVersion "1"]
[SourceVersionDate "2024.10.14"]
[SourceQuality "1"]

1. Nf3 d5 2. g3 c5 3. Bg2 Nc6 4. d4 Nf6 5. 0-0 e6 6. c4 dxc4 7. Ne5 Bd7 8. Na3 cxd4 9. Naxc4 Be7 10. Bf4 Nh5 11. Nxd7 Qxd7 12. Be5 0-0 13. Rc1 Rfd8 14. Bxc6 Qxc6 15. e3 Nf6 16. Bxd4 Rac8 17. h4 Qd5 18. Qe2 b6 19. Rfd1 Qb5 20. b3 Qa6 21. Rc2 Ne8 22. Rcd2 h6 23. a4 Bb4 24. Rd3 Qb7 25. Qg4 Qe7 26. Qf3 f6 27. Qg4 Rd5 28. e4 Rdd8 29. Be3 Rxd3 30. Rxd3 Kh8 31. Qd1 Rc7 32. e5 f5 33. Rd8 Kh7 34. h5 Qf7 35. Bf4 Bc5 36. Be3 Bb4 37. g4 g6 38. Qf3 gxh5 39. gxf5 exf5 40. Kf1 Be7 41. Rb8 Ng7 42. Qd1 h4 43. Qf3 Rd7 44. Qa8 Bg5 45. Bxg5 hxg5 46. Rh8+ Kg6 47. Qc6+ Qe6 48. Nd6 Re7 49. f4 Qxb3 50. Rh6+ Kxh6 51. Nxf5+ Kh7 52. Qh6+ Kg8 53. Nxe7+ Kf7 54. Qf6+ Ke8 55. Qxg7 Qd1+ 56. Kf2 Qd2+ 57. Kf3 Qxf4+ 58. Ke2 Qc4+ 59. Kd1 Qxa4+ 60. Ke2 Qc4+ 61. Kd1 Qf7 62. Qxf7+ Kxf7 63. Nc6 h3 64. e6+ Ke8 0-1

[Event "Pozarevac Rudar IM 08"]
[Site "Pozarevac"]
[Date "2024.08.13"]
[Round "8"]
[White "Aditya, Varun Gampa"]
[Black "Alimpic, Aleksa"]
[Result "1/2-1/2"]
[WhiteElo "2261"]
[BlackElo "2249"]
[PlyCount "62"]
[EventDate "2024.08.07"]
[EventType "tourn"]
[EventRounds "9"]
[EventCountry "SRB"]
[EventCategory "1"]
[SourceTitle "EXT 2025"]
[Source "ChessBase"]
[SourceDate "2024.10.14"]
[SourceVersion "1"]
[SourceVersionDate "2024.10.14"]
[SourceQuality "1"]

1. Nf3 d5 2. g3 Nc6 3. d4 Bf5 4. Bg2 Nb4 5. Na3 e6 6. 0-0 Nc6 7. Nb1 Nb4 8. Na3 Nc6 9. Nb1 Nb4 10. Na3 Be7 11. c3 Nc6 12. Qb3 Rb8 13. Bf4 Nf6 14. Nh4 Be4 15. f3 Bg6 16. Nxg6 hxg6 17. e4 0-0 18. Bg5 b5 19. Qd1 b4 20. Nc2 bxc3 21. bxc3 Na5 22. Ne3 c5 23. Kh1 cxd4 24. cxd4 Rb4 25. Nc2 Rb2 26. Ne3 Rb4 27. Nc2 Rb6 28. Ne3 Nc6 29. Bxf6 Bxf6 30. exd5 exd5 31. f4 Bxd4 1/2-1/2

[Event "Pozarevac Rudar IM-B 07"]
[Site "Pozarevac"]
[Date "2024.08.02"]
[Round "4"]
[White "Aditya, Varun Gampa"]
[Black "Mahitosh, Dey"]
[Result "1-0"]
[WhiteElo "2277"]
[BlackElo "2232"]
[PlyCount "71"]
[EventDate "2024.07.30"]
[EventType "tourn"]
[EventRounds "9"]
[EventCountry "SRB"]
[SourceTitle "EXT 2025"]
[Source "ChessBase"]
[SourceDate "2024.10.14"]
[SourceVersion "1"]
[SourceVersionDate "2024.10.14"]
[SourceQuality "1"]

1. e4 e5 2. Nf3 Nc6 3. Bb5 a6 4. Ba4 Nf6 5. 0-0 b5 6. Bb3 Bb7 7. Nc3 Be7 8. d3 d6 9. a3 0-0 10. Re1 Bc8 11. Nd5 Bg4 12. c3 Qd7 13. h3 Be6 14. d4 exd4 15. Nxe7+ Nxe7 16. cxd4 Bxb3 17. Qxb3 Ng6 18. Bg5 Nh5 19. Rac1 Rac8 20. Qb4 c6 21. e5 dxe5 22. Nxe5 Qf5 23. Be7 Nxe7 24. Qxe7 Nf4 25. Nxc6 Nxh3+ 26. Kh2 Nf4 27. Qe4 Qh5+ 28. Kg1 Ng6 29. d5 f5 30. Qe6+ Kh8 31. d6 Nf4 32. Qe3 Qg4 33. Qf3 Qxf3 34. gxf3 Nd3 35. d7 Rc7 36. Re8 1-0

[Event "Pozarevac Rudar IM-B 07"]
[Site "Pozarevac"]
[Date "2024.07.30"]
[Round "1"]
[White "Md, Imran"]
[Black "Aditya, Varun Gampa"]
[Result "1-0"]
[WhiteElo "2170"]
[BlackElo "2277"]
[PlyCount "101"]
[EventDate "2024.07.30"]
[EventType "tourn"]
[EventRounds "9"]
[EventCountry "SRB"]
[SourceTitle "EXT 2025"]
[Source "ChessBase"]
[SourceDate "2024.10.14"]
[SourceVersion "1"]
[SourceVersionDate "2024.10.14"]
[SourceQuality "1"]

1. d4 Nf6 2. c4 e6 3. g3 d5 4. Bg2 dxc4 5. Nf3 a6 6. Ne5 Bb4+ 7. Nc3 Nd5 8. 0-0 b5 9. Nxd5 exd5 10. a3 Be7 11. e4 Be6 12. exd5 Bxd5 13. Nxf7 Bxf7 14. Bxa8 0-0 15. Bf4 Nd7 16. Re1 Bf6 17. Be4 Kh8 18. Qc2 Bxd4 19. Rad1 c5 20. Bxh7 Bh5 21. Rd2 Qf6 22. Be4 Re8 23. Qc1 Qe6 24. Kf1 Nf6 25. Bb7 Qd7 26. Rxe8+ Nxe8 27. Bg2 Qf5 28. Kg1 Qe6 29. Be3 Qe5 30. Bf4 Qe6 31. h3 Nf6 32. Qc2 Nd5 33. Bg5 Qe5 34. h4 c3 35. bxc3 Nxc3 36. Kh2 a5 37. Be3 Bf7 38. Bxd4 cxd4 39. Qd3 a4 40. Qxd4 Qxd4 41. Rxd4 Bc4 42. Be4 Kg8 43. Bg6 Kf8 44. Bd3 Bxd3 45. Rxd3 Nb1 46. g4 Ke7 47. f4 b4 48. Rd4 b3 49. Rxa4 Nd2 50. Rb4 Kd6 51. Rd4+ 1-0

[Event "Belgrade Serbia op"]
[Site "Belgrade"]
[Date "2024.07.18"]
[Round "6"]
[White "Aditya, Varun Gampa"]
[Black "Agibileg, Uurtsaikh"]
[Result "0-1"]
[WhiteElo "2277"]
[BlackElo "2418"]
[PlyCount "44"]
[EventDate "2024.07.12"]
[EventType "swiss"]
[EventRounds "9"]
[EventCountry "SRB"]
[SourceTitle "CBM 221 Extra"]
[Source "ChessBase"]
[SourceDate "2024.09.30"]
[SourceVersion "1"]
[SourceVersionDate "2024.09.30"]
[SourceQuality "1"]

1. e4 c5 2. Nf3 e6 3. d4 cxd4 4. Nxd4 Nc6 5. g3 a6 6. Nxc6 bxc6 7. Bg2 Nf6 8. 0-0 Qc7 9. c4 Be7 10. f4 h5 11. e5 Ng4 12. Qe2 f6 13. Bf3 fxe5 14. h3 e4 15. Qxe4 Bc5+ 16. Kg2 Nf6 17. Qg6+ Kf8 18. g4 hxg4 19. hxg4 d5 20. g5 e5 21. Kg3 exf4+ 22. Bxf4 Rh3+ 0-1